The Bovine practitioner.

The Bovine Practitioner is the official journal of the American Association of Bovine Practitioners (AABP) to promote the art and science of bovine medicine, surgery, reproduction, diagnostics, beef and dairy production, and cattle welfare. It also considers manuscripts covering similar topics for s...

Full description

Bibliographic Details
Corporate Authors: American Association of Bovine Practitioners. Convention, World Congress of Buiatrics
Format: Conference Proceeding Journal
Language:English
Published: Mont Vernon, Washington : Ray H. Bradbury, [1967]-2023
[Stillwater, Oklahoma] : American Association of Bovine Practitioners
Subjects:
Online Availability: Check for online availability

MARC

Tag First Indicator Second Indicator Subfields
LEADER 00000cas a2200000 a 4500
001 in00004454521
005 20240122165355.4
008 750313d19672023okufr p 0 a0eng u
010 |a sc 79002773  
040 |a AGL  |b eng  |e rda  |c AGL  |d COO  |d DLC  |d NSD  |d OCL  |d NSD  |d AIP  |d NSD  |d OCL  |d AGL  |d NST  |d AGL  |d OCL  |d NLM  |d OCLCQ  |d NLGGC  |d CUV  |d UBY  |d OCLCQ  |d UKMGB  |d OCLCO  |d OCLCF  |d OCLCO  |d OCLCQ  |d OCLCO  |d TXA  |d OCLCO 
016 7 |a 9889258  |2 DNLM 
016 7 |a SR0083554  |2 DNLM 
016 7 |a 011107159  |2 Uk 
019 |a 1536939  |a 1064517180 
022 0 |a 0524-1685  |l 0524-1685  |2 1 
030 |a BOVPBO 
035 |a (OCoLC)1213902  |z (OCoLC)1536939  |z (OCoLC)1064517180 
037 |b American Association of Bovine Practitioners, 1226 N. Lincoln, Stillwater, OK 74075 
042 |a pcc  |a nsdp 
050 4 |a SF601  |b .B6 
070 0 |a SF779.5.A1B6 
049 |a TMVM 
210 0 |a Bov. pract. 
222 4 |a The Bovine practitioner 
245 0 4 |a The Bovine practitioner. 
264 1 |3 1967 :  |a Mont Vernon, Washington :  |b Ray H. Bradbury,  |c [1967]-2023 
264 3 1 |3 1968- :  |a [Stillwater, Oklahoma] :  |b American Association of Bovine Practitioners 
300 |a volumes :  |b illustrations,  |c 29 cm 
310 |a Semiannual  |b 1997-2023 
321 |a Annual,  |b 1967-1996 
336 |a text  |b txt  |2 rdacontent 
337 |a unmediated  |b n  |2 rdamedia 
338 |a volume  |b nc  |2 rdacarrier 
362 0 |a Number 1 (Jan. 1967)-Volume 57, number 2 (2023) 
500 |a Title from cover; description based on: volume 2, number 1 (Jan. 1968). 
500 |a Index for 1967-1979 bound together with index for AABP Proceedings. 
515 |a Issue for January 1967 has date designation only. Issue for January 1968 designated as Volume 2, Number 1. Issue for 1969 January has date only. Starting with issue for 1969 October (designated as No. 4, accounting for the previous 3 issues) issues until May 1996 are designated with whole numbers (No. 4-30). In 1997, the frequency changed to two issues yearly. Issues for 1997 January - 1998 May are designated as numbers 31.1- 32.2. A new numbering system began with issues designated as volumes with internal numbers starting with Vol. 33, No. 1 (1999 May) and so on. 
515 |a Issue for 1968 called v. 2, no. 1; issue for 1969 bears no numbering; they constitute nos. 2 and 3. 
515 |a None published 1971-1973. 
515 |a Volume for 1992 will not be published; instead the 17th World Buiatrics Congress and the 25th American Association of Bovine Practitioners Conference will be held jointly. 
515 |a Issue for Jan. 1999 called vol. 33, no.1. 
520 |a The Bovine Practitioner is the official journal of the American Association of Bovine Practitioners (AABP) to promote the art and science of bovine medicine, surgery, reproduction, diagnostics, beef and dairy production, and cattle welfare. It also considers manuscripts covering similar topics for small ruminants. The first three issues for 1967-1969 were published in newsletter format. Issues since No. 4 (1969 October) are published in journal format. 
550 |a Official publication of the American Association of Bovine Practitioners. 
588 |a Description based on: [No. 1] (January 1967); title from caption. 
588 |a Latest issue consulted: Vol. 52, No. 2 (2018 Summer). 
650 0 |a Veterinary medicine  |v Periodicals. 
650 0 |a Cattle  |v Periodicals. 
650 0 |a Cattle  |x Diseases  |v Periodicals. 
650 0 |a Ruminants  |v Periodicals. 
650 0 |a Veterinary medicine  |v Periodicals. 
650 0 |a Dairying  |v Periodicals. 
650 2 |a Cattle Diseases. 
650 2 |a Veterinary Medicine. 
655 2 |a Periodicals. 
710 2 |a American Association of Bovine Practitioners,  |e issuing body. 
710 2 |a American Association of Bovine Practitioners.  |b Convention. 
711 2 |a World Congress of Buiatrics. 
776 0 8 |i Online version:  |t Bovine practitioner  |w (DLC) 2019263071  |w (OCoLC)1137800459 
948 |a Bindery Color/Print: 192/W; ID : 2230  |5 TMV 
948 |a MSL cancelled print subscription as of December 31, 2022. 
999 f f |s 6f39fdd4-8efe-36ea-91c7-80ec3c9f5a56  |i 217bd78d-7d88-30f7-9ec0-9f13d09f900b  |t 0 
952 f f |a Texas A&M University  |b Rellis Campus  |c Joint Library Facility  |d Remote Storage  |h Other scheme  |i unmediated -- volume  |k no.10  |l 1975  |m 3238902752514  |p ric  |r Unknown lending policy  |s JLF  |t 0 
952 f f |a Texas A&M University  |b Rellis Campus  |c Joint Library Facility  |d Remote Storage  |h Other scheme  |i unmediated -- volume  |k v.44/45  |l 2010/2011  |m 323890217748B  |p ric  |r Unknown lending policy  |s JLF  |t 0 
952 f f |a Texas A&M University  |b Rellis Campus  |c Joint Library Facility  |d Remote Storage  |h Other scheme  |i unmediated -- volume  |k Index  |l 1989/1994  |m 3238901592199  |p ric  |r Unknown lending policy  |s JLF  |t 0 
952 f f |p preservation  |a Texas A&M University  |b J.J. Pickle Campus  |c High Density Repository  |s HDR  |d Remote Storage  |t 1  |h No information provided  |i unmediated -- volume  |k no.31/32  |l 1997/1998  |m 3238902160191 
952 f f |a Texas A&M University  |b Rellis Campus  |c Joint Library Facility  |d Remote Storage  |h Other scheme  |i unmediated -- volume  |k no.18  |l 1983  |m 323890076789J  |p ric  |r Unknown lending policy  |s JLF  |t 0 
952 f f |a Texas A&M University  |b Rellis Campus  |c Joint Library Facility  |d Remote Storage  |h Other scheme  |i unmediated -- volume  |k v.34/35  |l 2000/2001  |m 323890180695B  |p ric  |r Unknown lending policy  |s JLF  |t 0 
952 f f |p preservation  |a Texas A&M University  |b J.J. Pickle Campus  |c High Density Repository  |s HDR  |d Remote Storage  |t 1  |h No information provided  |i unmediated -- volume  |k v.41/42  |l 2007/2008  |m 3238902160641 
952 f f |p preservation  |a Texas A&M University  |b J.J. Pickle Campus  |c High Density Repository  |s HDR  |d Remote Storage  |t 1  |h No information provided  |i unmediated -- volume  |k no.30  |l 1996  |m 3238902160270 
952 f f |p preservation  |a Texas A&M University  |b J.J. Pickle Campus  |c High Density Repository  |s HDR  |d Remote Storage  |t 1  |h No information provided  |i unmediated -- volume  |k no.11/12  |l 19761977  |m 3238902160393 
952 f f |a Texas A&M University  |b Rellis Campus  |c Joint Library Facility  |d Remote Storage  |h Other scheme  |i unmediated -- volume  |k no.31  |l 1997  |m 3238901465288  |p ric  |r Unknown lending policy  |s JLF  |t 0 
952 f f |a Texas A&M University  |b Rellis Campus  |c Joint Library Facility  |d Remote Storage  |h Other scheme  |i unmediated -- volume  |k no.20  |l 1985  |m 323890077077A  |p ric  |r Unknown lending policy  |s JLF  |t 0 
952 f f |a Texas A&M University  |b Rellis Campus  |c Joint Library Facility  |d Remote Storage  |h Other scheme  |i unmediated -- volume  |k v.36/37  |l 2002/2003  |m 323890183487D  |p ric  |r Unknown lending policy  |s JLF  |t 0 
952 f f |a Texas A&M University  |b Rellis Campus  |c Joint Library Facility  |d Remote Storage  |h Other scheme  |i unmediated -- volume  |k no.12  |l 1977  |m 3238901603978  |p ric  |r Unknown lending policy  |s JLF  |t 0 
952 f f |a Texas A&M University  |b Rellis Campus  |c Joint Library Facility  |d Remote Storage  |h Other scheme  |i unmediated -- volume  |k no.11  |l 1976  |m 3238902752637  |p ric  |r Unknown lending policy  |s JLF  |t 0 
952 f f |p preservation  |a Texas A&M University  |b J.J. Pickle Campus  |c High Density Repository  |s HDR  |d Remote Storage  |t 1  |h No information provided  |i unmediated -- volume  |k v.46  |l 2012  |m 3238902312910 
952 f f |p preservation  |a Texas A&M University  |b J.J. Pickle Campus  |c High Density Repository  |s HDR  |d Remote Storage  |t 1  |h No information provided  |i unmediated -- volume  |k v.39/40  |l 2005/2006  |m 3238902160652 
952 f f |a Texas A&M University  |b Rellis Campus  |c Joint Library Facility  |d Remote Storage  |h Other scheme  |i unmediated -- volume  |k no.25  |l 1990  |m 3238900930936  |p ric  |r Unknown lending policy  |s JLF  |t 0 
952 f f |a Texas A&M University  |b Rellis Campus  |c Joint Library Facility  |d Remote Storage  |h Other scheme  |i unmediated -- volume  |k no.13  |l 1978  |m 3238902752626  |p ric  |r Unknown lending policy  |s JLF  |t 0 
952 f f |a Texas A&M University  |b Rellis Campus  |c Joint Library Facility  |d Remote Storage  |h Other scheme  |i unmediated -- volume  |k v.54/55  |l 2020/2021  |m 3238902681267  |p ric  |r Unknown lending policy  |s JLF  |t 0 
952 f f |a Texas A&M University  |b Rellis Campus  |c Joint Library Facility  |d Remote Storage  |h Other scheme  |i unmediated -- volume  |k v.42  |l 2008  |m 323890199721B  |p ric  |r Unknown lending policy  |s JLF  |t 0 
952 f f |a Texas A&M University  |b Rellis Campus  |c Joint Library Facility  |d Remote Storage  |h Other scheme  |i unmediated -- volume  |k no.8  |l 1973  |m 3238900420783  |p ric  |r Unknown lending policy  |s JLF  |t 0 
952 f f |p preservation  |a Texas A&M University  |b J.J. Pickle Campus  |c High Density Repository  |s HDR  |d Remote Storage  |t 1  |h No information provided  |i unmediated -- volume  |k no.26/28  |l 1991/1994  |m 3238902160281 
952 f f |a Texas A&M University  |b Rellis Campus  |c Joint Library Facility  |d Remote Storage  |h Other scheme  |i unmediated -- volume  |k no.9  |l 1974  |m 3238900420794  |p ric  |r Unknown lending policy  |s JLF  |t 0 
952 f f |a Texas A&M University  |b Rellis Campus  |c Joint Library Facility  |d Remote Storage  |h Other scheme  |i unmediated -- volume  |k v.50/51  |l 2016/2017  |m 3238902369057  |p ric  |r Unknown lending policy  |s JLF  |t 0 
952 f f |a Texas A&M University  |b Rellis Campus  |c Joint Library Facility  |d Remote Storage  |h Other scheme  |i unmediated -- volume  |k v.38/39  |l 2004/2005  |m 323890196078D  |p ric  |r Unknown lending policy  |s JLF  |t 0 
952 f f |a Texas A&M University  |b Rellis Campus  |c Joint Library Facility  |d Remote Storage  |h Other scheme  |i unmediated -- volume  |k v.57  |l 2023  |m 3238902706827  |p ric  |r Unknown lending policy  |s JLF  |t 0 
952 f f |a Texas A&M University  |b Rellis Campus  |c Joint Library Facility  |d Remote Storage  |h Other scheme  |i unmediated -- volume  |k v.48/49  |l 2014/2015  |m 3238902355041  |p ric  |r Unknown lending policy  |s JLF  |t 0 
952 f f |a Texas A&M University  |b Rellis Campus  |c Joint Library Facility  |d Remote Storage  |h Other scheme  |i unmediated -- volume  |k no.28  |l 1994  |m 323890158387E  |p ric  |r Unknown lending policy  |s JLF  |t 0 
952 f f |a Texas A&M University  |b Rellis Campus  |c Joint Library Facility  |d Remote Storage  |h Other scheme  |i unmediated -- volume  |k no.27  |l 1993  |m 3238901405844  |p ric  |r Unknown lending policy  |s JLF  |t 0 
952 f f |a Texas A&M University  |b Rellis Campus  |c Joint Library Facility  |d Remote Storage  |h Other scheme  |i unmediated -- volume  |k v.52/53  |l 2018/2019  |m 3238902671176  |p ric  |r Unknown lending policy  |s JLF  |t 0 
952 f f |a Texas A&M University  |b Rellis Campus  |c Joint Library Facility  |d Remote Storage  |h Other scheme  |i unmediated -- volume  |k no.17  |l 1982  |m 3238900770769  |p ric  |r Unknown lending policy  |s JLF  |t 0 
952 f f |p preservation  |a Texas A&M University  |b J.J. Pickle Campus  |c High Density Repository  |s HDR  |d Remote Storage  |t 1  |h No information provided  |i unmediated -- volume  |k no.16/17  |l 1981/1982  |m 3238902160371 
952 f f |a Texas A&M University  |b Rellis Campus  |c Joint Library Facility  |d Remote Storage  |h Other scheme  |i unmediated -- volume  |k nos.2/5  |l 1968/1970  |m 3238900420772  |p ric  |r Unknown lending policy  |s JLF  |t 0 
952 f f |a Texas A&M University  |b Rellis Campus  |c Joint Library Facility  |d Remote Storage  |h Other scheme  |i unmediated -- volume  |k v.46/47  |l 2012/2013  |m 3238902335847  |p ric  |r Unknown lending policy  |s JLF  |t 0 
952 f f |a Texas A&M University  |b Rellis Campus  |c Joint Library Facility  |d Remote Storage  |h Other scheme  |i unmediated -- volume  |k nos.6/7  |l 1971/1972  |m 3238900927347  |p ric  |r Unknown lending policy  |s JLF  |t 0 
952 f f |p preservation  |a Texas A&M University  |b J.J. Pickle Campus  |c High Density Repository  |s HDR  |d Remote Storage  |t 1  |h No information provided  |i unmediated -- volume  |k v.50  |l 2017  |m 3238902565819 
952 f f |a Texas A&M University  |b Rellis Campus  |c Joint Library Facility  |d Remote Storage  |h Other scheme  |i unmediated -- volume  |k no.24  |l 1989  |m 3238900866035  |p ric  |r Unknown lending policy  |s JLF  |t 0 
952 f f |p preservation  |a Texas A&M University  |b J.J. Pickle Campus  |c High Density Repository  |s HDR  |d Remote Storage  |t 1  |h No information provided  |i unmediated -- volume  |k no.18/20  |l 1983/1985  |m 3238902160360 
952 f f |p preservation  |a Texas A&M University  |b J.J. Pickle Campus  |c High Density Repository  |s HDR  |d Remote Storage  |t 1  |h No information provided  |i unmediated -- volume  |k v.49  |l 2015  |m 323890256768G 
952 f f |p preservation  |a Texas A&M University  |b J.J. Pickle Campus  |c High Density Repository  |s HDR  |d Remote Storage  |t 1  |h No information provided  |i unmediated -- volume  |k v.47  |l 2013  |m 323890242589C 
952 f f |a Texas A&M University  |b Rellis Campus  |c Joint Library Facility  |d Remote Storage  |h Other scheme  |i unmediated -- volume  |k nos.32/33  |l 1998/1999  |m 3238901638347  |p ric  |r Unknown lending policy  |s JLF  |t 0 
952 f f |p preservation  |a Texas A&M University  |b J.J. Pickle Campus  |c High Density Repository  |s HDR  |d Remote Storage  |t 1  |h No information provided  |i unmediated -- volume  |k no.14/15  |l 1979/1980  |m 3238902160382 
952 f f |p preservation  |a Texas A&M University  |b J.J. Pickle Campus  |c High Density Repository  |s HDR  |d Remote Storage  |t 1  |h No information provided  |i unmediated -- volume  |k nos.6/10  |l 1971/1975  |m 3238902426545 
952 f f |a Texas A&M University  |b Rellis Campus  |c Joint Library Facility  |d Remote Storage  |h Other scheme  |i unmediated -- volume  |k v.40/41  |l 2006/2007  |m 323890198699O  |p ric  |r Unknown lending policy  |s JLF  |t 0 
952 f f |p preservation  |a Texas A&M University  |b J.J. Pickle Campus  |c High Density Repository  |s HDR  |d Remote Storage  |t 1  |h No information provided  |i unmediated -- volume  |k v.35  |l 2001  |m 323890216010Z 
952 f f |p preservation  |a Texas A&M University  |b J.J. Pickle Campus  |c High Density Repository  |s HDR  |d Remote Storage  |t 1  |h No information provided  |i unmediated -- volume  |k v.33/34  |l 1999/2000  |m 3238902160180 
952 f f |p preservation  |a Texas A&M University  |b J.J. Pickle Campus  |c High Density Repository  |s HDR  |d Remote Storage  |t 1  |h No information provided  |i unmediated -- volume  |k v.43  |l 2009  |m 3238902312921 
952 f f |a Texas A&M University  |b Rellis Campus  |c Joint Library Facility  |d Remote Storage  |h Other scheme  |i unmediated -- volume  |k no.26  |l 1991  |m 3238900996129  |p ric  |r Unknown lending policy  |s JLF  |t 0 
952 f f |a Texas A&M University  |b Rellis Campus  |c Joint Library Facility  |d Remote Storage  |h Other scheme  |i unmediated -- volume  |k v.56  |l 2022  |m 3238902701923  |p ric  |r Unknown lending policy  |s JLF  |t 0 
952 f f |a Texas A&M University  |b Rellis Campus  |c Joint Library Facility  |d Remote Storage  |h Other scheme  |i unmediated -- volume  |k no.14  |l 1979  |m 3238900420840  |p ric  |r Unknown lending policy  |s JLF  |t 0 
952 f f |a Texas A&M University  |b Rellis Campus  |c Joint Library Facility  |d Remote Storage  |h Other scheme  |i unmediated -- volume  |k no.16  |l 1981  |m 3238900420862  |p ric  |r Unknown lending policy  |s JLF  |t 0 
952 f f |a Texas A&M University  |b Rellis Campus  |c Joint Library Facility  |d Remote Storage  |h Other scheme  |i unmediated -- volume  |k no.29  |l 1995  |m 323890148666D  |p ric  |r Unknown lending policy  |s JLF  |t 0 
952 f f |p preservation  |a Texas A&M University  |b J.J. Pickle Campus  |c High Density Repository  |s HDR  |d Remote Storage  |t 1  |h No information provided  |i unmediated -- volume  |k v.37/38  |l 2003/2004  |m 323890216001Z 
952 f f |a Texas A&M University  |b Rellis Campus  |c Joint Library Facility  |d Remote Storage  |h Other scheme  |i unmediated -- volume  |k no.22  |l 1987  |m 3238902752615  |p ric  |r Unknown lending policy  |s JLF  |t 0 
952 f f |a Texas A&M University  |b Rellis Campus  |c Joint Library Facility  |d Remote Storage  |h Other scheme  |i unmediated -- volume  |k no.15  |l 1980  |m 3238900420851  |p ric  |r Unknown lending policy  |s JLF  |t 0 
952 f f |a Texas A&M University  |b Rellis Campus  |c Joint Library Facility  |d Remote Storage  |h Other scheme  |i unmediated -- volume  |k no.30  |l 1996  |m 3238901547739  |p ric  |r Unknown lending policy  |s JLF  |t 0 
952 f f |a Texas A&M University  |b Rellis Campus  |c Joint Library Facility  |d Remote Storage  |h Other scheme  |i unmediated -- volume  |k no.23 & cum. index:1985/1988  |l 1988  |m 323890088849J  |p ric  |r Unknown lending policy  |s JLF  |t 0 
952 f f |a Texas A&M University  |b Rellis Campus  |c Joint Library Facility  |d Remote Storage  |h Other scheme  |i unmediated -- volume  |k no.21  |l 1986  |m 3238900772413  |p ric  |r Unknown lending policy  |s JLF  |t 0 
952 f f |a Texas A&M University  |b Rellis Campus  |c Joint Library Facility  |d Remote Storage  |h Other scheme  |i unmediated -- volume  |k no.19  |l 1984  |m 3238900931342  |p ric  |r Unknown lending policy  |s JLF  |t 0 
952 f f |a Texas A&M University  |b Rellis Campus  |c Joint Library Facility  |d Remote Storage  |h Other scheme  |i unmediated -- volume  |k v.43  |l 2009  |m 3238902006640  |p ric  |r Unknown lending policy  |s JLF  |t 0 
952 f f |p preservation  |a Texas A&M University  |b J.J. Pickle Campus  |c High Density Repository  |s HDR  |d Remote Storage  |t 1  |h No information provided  |i unmediated -- volume  |k v.54/55  |l 2020/2021  |m 323890266657E 
952 f f |p preservation  |a Texas A&M University  |b J.J. Pickle Campus  |c High Density Repository  |s HDR  |d Remote Storage  |t 1  |h No information provided  |i unmediated -- volume  |k no.24/25  |l 1989/1990  |m 3238902160292